00333pab a2200133 454500008004000000100002000040245005300060260000900113300001300122362000800135650002100143650001700164773001800181180718b2005 xxu||||| |||| 00| 0 eng d aGoyal, Pratibha aChild labour in the hosiery industry of Ludhiana c2005 ap.13-23. aMar aHosiery industry aChild labour aSocial Change